| 000 | 00678nam a2200253 i 4500 | ||
|---|---|---|---|
| 001 | C2-0220982 | ||
| 003 | PPAK | ||
| 005 | 20180728150729.0 | ||
| 008 | 991009s1989 xx a|||| ||||| | eng d | ||
| 020 | _a0921940025 | ||
| 040 |
_aPPAK _beng _cPPAK _erda |
||
| 082 | 0 | 4 |
_a741.67 _223 |
| 090 | 0 | 0 |
_a741.67 _bDIR _dR |
| 245 | 0 | 0 | _aDirections 2 : Advertising and Design in Canada |
| 250 | _aGiffin, Peter | ||
| 264 | 1 |
_bApplied Arts Inc. , _c1989 |
|
| 300 |
_a224 pages : _billustrations ; _c32 cm |
||
| 336 |
_2rdacontent _atext |
||
| 337 |
_2rdamedia _aunmediated |
||
| 338 |
_2rdacarrier _avolume |
||
| 500 | _aincludes index | ||
| 650 | 1 | 0 | _aAdvertising |
| 942 |
_ddc _cB |
||
| 999 |
_c142743 _d142743 |
||